00482nam a2200145Ia 4500008004100000040001900041041001200060082002600072245007700098260004100175300003000216504004700246650002200293850002100315131103s9999 xx 000 0 und d aLoreto College aEnglish a954.14/SARbLCBkB/549 aHistory of Bengalb muslim period 1200-1757 cEdited by Jadu Nath Sarkar aDaccabThe University Of Daccac1972 aV.2b plates,mapsc 24cm. aIncludes bibligraphical references & index aHistory Of Bengal aLCBkB/954.14/SAR